| 000 | 00391cam a2200157ua 4500 | ||
|---|---|---|---|
| 041 |
_aeng _h |
||
| 082 |
_a428 _bBEN/EV |
||
| 100 | _aBenham, R . | ||
| 245 |
_aEveryday english idioms / _cR Benham. _hTextual Documents |
||
| 250 |
_a1 / _b. |
||
| 260 |
_aMumbai : _bD B Taraporevala sons & Co. Pvt. Ltd. , _c1962. |
||
| 300 | _a150 ; . | ||
| 504 | _a | ||
| 942 | _cBK | ||
| 999 |
_c8670 _d8670 |
||